| 000 | 01035cam a22003135a 4500 | ||
|---|---|---|---|
| 999 |
_c12725 _d12725 |
||
| 003 | EG-ScBUE | ||
| 005 | 20210210100112.0 | ||
| 008 | 090827s2003 ua f 000 p ara d | ||
| 017 | _a2003/13159 | ||
| 020 | _a9773055299 | ||
| 040 |
_aeg-scbue _bara _cEG-ScBUE _dEG-ScBUE _erda |
||
| 082 | 0 | 4 |
_a892.716 _bب د ر _222 |
| 100 | 1 |
_98690 _aبدر، عزة، _eمؤلف. |
|
| 245 | 1 | 0 |
_aهذه الزوايا وفمي : _bشعر / _cعزة بدر. |
| 250 | _aالطبعة الأولى. | ||
| 264 | 1 |
_aالقاهرة : _bالشركة الدولية للطباعة والنشر، _c2003. |
|
| 300 |
_a112 صفحة ؛ _c12 سم. |
||
| 336 |
_2rdacontent _aنص _btxt |
||
| 337 |
_2rdamedia _aبدون وسيط _bn |
||
| 338 |
_2rdacarrier _aمجلد _bnc |
||
| 490 | 0 |
_aأصوات أدبية ؛ _v339 |
|
| 505 | _aفهرس | ||
| 590 | _abasant | ||
| 650 | 7 |
_98538 _aالشعر العربي _xدواوين وقصائد. _2BUEsh |
|
| 651 | _2BUEsh | ||
| 653 |
_bARALIT _cFebruary2021 |
||
| 655 |
_vReading book _934232 |
||
| 942 |
_2ddc _cBB |
||